| 000 | 00729nam a2200193 a 4500 | ||
|---|---|---|---|
| 008 | 090717s2008 ||||||||||||||||| || u | ||
| 020 | _a9789211614954 | ||
| 050 | _aUN-ESA(08) | ||
| 100 | _aUnited Nations | ||
| 245 | 1 | 0 | _aDesigning household survey samples: practical guidelines |
| 260 |
_aNew York _bUNITED NATIONS _c2008 |
||
| 300 | _axi, 227p, ;ill | ||
| 350 | _a0.00 | ||
| 490 | _aStudy in Methods Series F | ||
| 490 | _v no.98 | ||
| 650 | _aHOUSEHOLD SURVEYS--STATISTICAL METHODS | ||
| 710 | _aUnited Nations Economic and Social Affairs (UNESA) | ||
| 995 |
_D0.00 _FCBU-MAIN LIBRARY (Kitwe) _H1 _I0.00 _M1 _UAVAILABLE _WJun 7, 2010 _ZInternational Publications |
||
| 999 |
_c39792 _d39792 |
||